[Event "Valby K41 Autumn-C"]
[Site "Valby"]
[Date "2010.10.26"]
[Round "7"]
[White "Sandbech, Ted Henrik"]
[Black "Krogh, Soren"]
[Result "1/2-1/2"]
[WhiteElo "1545"]
[BlackElo "1330"]
[PlyCount "106"]
[EventDate "2010.09.07"]
[EventType "tourn"]
[EventRounds "7"]
[EventCountry "DEN"]
[SourceTitle "EXT 2023"]
[Source "ChessBase"]
[SourceDate "2022.10.05"]
[SourceVersion "1"]
[SourceVersionDate "2022.10.05"]
[SourceQuality "1"]

1. Nf3 b6 2. e4 e6 3. d4 Bb7 4. Bd3 Nf6 5. Qe2 Nc6 6. Bg5 Be7 7. 0-0 0-0 8. Nc3 d5 9. e5 Nd7 10. Bxe7 Qxe7 11. a3 f5 12. Nd1 Nd8 13. c3 c5 14. Rc1 c4 15. Bb1 Bc6 16. Qd2 Nf7 17. Ne3 Ng5 18. Nxg5 Qxg5 19. f4 Qg6 20. Bc2 Rf7 21. Rf3 Re7 22. Rcf1 Nf8 23. Rg3 Qe8 24. Bd1 a5 25. Rh3 Raa7 26. Bh5 g6 27. Be2 b5 28. Nc2 Ba8 29. Rff3 Rg7 30. Rh6 Raf7 31. Rg3 Qd7 32. Ne1 Bc6 33. Nf3 Qb7 34. Ng5 Re7 35. h4 Be8 36. h5 a4 37. hxg6 Bxg6 38. Rhh3 Kh8 39. Bh5 Bxh5 40. Rxh5 Ng6 41. Rgh3 Nf8 42. Qf2 Kg8 43. Rh6 Kh8 44. Qh4 Kg8 45. Rf6 Ng6 46. Qf2 Nf8 47. Rg3 Qd7 48. Rh6 Kh8 49. Rhh3 Qe8 50. Qf3 Ng6 51. Qe3 Kg8 52. Nf3 Qf7 53. Nh4 Nxh4 1/2-1/2

[Event "Valby K41 Autumn-C"]
[Site "Valby"]
[Date "2010.09.28"]
[Round "4"]
[White "Christensen, Aage Niels"]
[Black "Sandbech, Ted Henrik"]
[Result "0-1"]
[WhiteElo "1531"]
[BlackElo "1545"]
[PlyCount "62"]
[EventDate "2010.09.07"]
[EventType "tourn"]
[EventRounds "7"]
[EventCountry "DEN"]
[SourceTitle "EXT 2023"]
[Source "ChessBase"]
[SourceDate "2022.10.05"]
[SourceVersion "1"]
[SourceVersionDate "2022.10.05"]
[SourceQuality "1"]

1. e4 d5 2. exd5 Qxd5 3. Nc3 Qa5 4. d4 c6 5. Be3 Nf6 6. Qd2 e6 7. Bd3 Bb4 8. Nge2 Nd5 9. 0-0 Nd7 10. a3 Bxc3 11. Nxc3 Nxc3 12. bxc3 Nf6 13. Qe2 Qxc3 14. f4 Qa5 15. c4 0-0 16. g4 e5 17. fxe5 Nxg4 18. Bd2 Qd8 19. h3 Qxd4+ 20. Kg2 Nxe5 21. Bxh7+ Kxh7 22. Rf4 Qd6 23. Rh4+ Kg8 24. Bf4 Qg6+ 25. Kh2 Nd3 26. Be3 Re8 27. Rg1 Qd6+ 28. Kh1 Bf5 29. Qg2 Bg6 30. Rd4 Qxd4 31. Qxg6 Rxe3 0-1

[Event "Valby K41 Autumn-C"]
[Site "Valby"]
[Date "2010.09.07"]
[Round "1"]
[White "Gjelstrup, Ole"]
[Black "Sandbech, Ted Henrik"]
[Result "0-1"]
[WhiteElo "1531"]
[BlackElo "1545"]
[PlyCount "54"]
[EventDate "2010.09.07"]
[EventType "tourn"]
[EventRounds "7"]
[EventCountry "DEN"]
[SourceTitle "EXT 2023"]
[Source "ChessBase"]
[SourceDate "2022.10.05"]
[SourceVersion "1"]
[SourceVersionDate "2022.10.05"]
[SourceQuality "1"]

1. e4 d5 2. exd5 Qxd5 3. Nc3 Qa5 4. d4 c6 5. Nf3 Bg4 6. Be2 e6 7. 0-0 Nf6 8. Re1 Bd6 9. Be3 0-0 10. Qd2 Bb4 11. a3 Bxc3 12. bxc3 Ne4 13. Qd3 Nxc3 14. Bd2 Nxe2+ 15. Rxe2 Qd5 16. Re5 Qd7 17. Ng5 Bf5 18. Qe3 f6 19. Nxe6 fxe5 20. Nxf8 Kxf8 21. Bb4+ Kg8 22. Qxe5 Bxc2 23. Re1 Na6 24. Bc3 Bg6 25. Qe7 Qxe7 26. Rxe7 Kf8 27. Rd7 Be8 0-1

[Event "Copenhagen-ch"]
[Site "Copenhagen"]
[Date "2004.10.14"]
[Round "6"]
[White "Madhy, Nezar"]
[Black "Sandbech, Ted Henrik"]
[Result "1/2-1/2"]
[WhiteElo "1640"]
[BlackElo "1815"]
[PlyCount "151"]
[EventDate "2004.10.09"]
[EventType "swiss"]
[EventRounds "9"]
[EventCountry "DEN"]
[SourceTitle "EXT 2018"]
[Source "ChessBase"]
[SourceDate "2017.10.13"]
[SourceVersion "1"]
[SourceVersionDate "2017.10.13"]
[SourceQuality "1"]

1. d4 d5 2. c4 c6 3. Nf3 Nf6 4. Nc3 e6 5. e3 Bb4 6. Qb3 Qa5 7. Bd2 dxc4 8. Bxc4 b5 9. Bd3 Nd5 10. Ne4 Bxd2+ 11. Nfxd2 0-0 12. a3 Nd7 13. Rc1 Ne7 14. Qc2 g6 15. 0-0 Bb7 16. Nd6 Rab8 17. Nb3 Qd8 18. Nxb7 Rxb7 19. Nc5 Nxc5 20. Qxc5 Qd5 21. Qc2 Rc8 22. Qd2 Qh5 23. Rc5 Qh6 24. Rfc1 Rd8 25. Be4 Nf5 26. Rxc6 Nxd4 27. Rc8 Rbd7 28. Rxd8+ Rxd8 29. Qa5 Rf8 30. Rd1 Nf5 31. Qxa7 Qh5 32. Bf3 Qg5 33. Qc5 Qf6 34. Qxb5 Rc8 35. Qe2 Rb8 36. b4 Nh4 37. Bc6 Qg5 38. g3 Nf5 39. b5 Ne7 40. a4 Nxc6 41. bxc6 Qc5 42. Qf3 Rc8 43. Rd7 Qc1+ 44. Kg2 Qxc6 45. Rxf7 Qxa4 46. Qf6 Qe4+ 47. Kh3 Qf5+ 48. g4 Qxf6 49. Rxf6 Re8 50. Kg3 e5 51. h4 Kg7 52. g5 Re7 53. Kf3 Ra7 54. Re6 Ra5 55. Re7+ Kg8 56. Re8+ Kg7 57. Re7+ Kg8 58. Ke4 Ra4+ 59. Kxe5 Rxh4 60. Kf6 Kf8 61. Rf7+ Ke8 62. Kg7 Rh2 63. Rf8+ Ke7 64. Rf7+ Ke6 65. Rf8 Kd7 66. e4 Ke6 67. f4 Rh5 68. f5+ gxf5 69. Rxf5 Rh4 70. Rf8 Rg4 71. Re8+ Kd6 72. Kf6 Rf4+ 73. Kg7 Rg4 74. Kh6 Rh4+ 75. Kg7 Rg4 76. Kxh7 1/2-1/2

[Event "Copenhagen-ch"]
[Site "Copenhagen"]
[Date "2004.10.13"]
[Round "5"]
[White "Nielsen, Thomas"]
[Black "Sandbech, Ted Henrik"]
[Result "1-0"]
[WhiteElo "1994"]
[BlackElo "1815"]
[PlyCount "57"]
[EventDate "2004.10.09"]
[EventType "swiss"]
[EventRounds "9"]
[EventCountry "DEN"]
[SourceTitle "EXT 2018"]
[Source "ChessBase"]
[SourceDate "2017.10.13"]
[SourceVersion "1"]
[SourceVersionDate "2017.10.13"]
[SourceQuality "1"]

1. c4 e5 2. Nc3 f5 3. d4 e4 4. e3 Nf6 5. Qb3 d6 6. Be2 b6 7. Nh3 Be7 8. f3 exf3 9. Bxf3 c6 10. Bd2 0-0 11. 0-0-0 Bb7 12. Nf4 Qd7 13. h3 c5 14. d5 Na6 15. Ne6 Nb4 16. Ne2 Rfc8 17. a3 Na6 18. Qc2 g6 19. g4 fxg4 20. hxg4 Nc7 21. N2f4 Qe8 22. g5 Nd7 23. Nxc7 Rxc7 24. Ne6 Rcc8 25. Bc3 Ne5 26. Bxe5 dxe5 27. Rxh7 Kxh7 28. Qh2+ Kg8 29. Rh1 1-0

[Event "Copenhagen-ch"]
[Site "Copenhagen"]
[Date "2004.10.11"]
[Round "3"]
[White "Larsen, Hans Haagen"]
[Black "Sandbech, Ted Henrik"]
[Result "1/2-1/2"]
[WhiteElo "1885"]
[BlackElo "1815"]
[PlyCount "121"]
[EventDate "2004.10.09"]
[EventType "swiss"]
[EventRounds "9"]
[EventCountry "DEN"]
[SourceTitle "EXT 2018"]
[Source "ChessBase"]
[SourceDate "2017.10.13"]
[SourceVersion "1"]
[SourceVersionDate "2017.10.13"]
[SourceQuality "1"]

1. e4 d5 2. exd5 Qxd5 3. Nc3 Qa5 4. Nf3 Bg4 5. Be2 e6 6. 0-0 c6 7. h3 Bh5 8. Nd4 Bxe2 9. Qxe2 Qc7 10. Ne4 Nd7 11. d3 Ngf6 12. Be3 Nxe4 13. dxe4 Be7 14. c3 0-0 15. Rad1 Rad8 16. f4 a6 17. f5 e5 18. Nf3 Nf6 19. Nd2 Qa5 20. Nc4 Qb5 21. Bg5 h6 22. Bxf6 Bxf6 23. b3 Rxd1 24. Rxd1 Rd8 25. Rxd8+ Bxd8 26. Qd2 Qc5+ 27. Kh2 Bg5 28. Qd1 b5 29. Nb2 Qa3 30. Qb1 Qc5 31. Qc2 Qe3 32. g3 Qf3 33. c4 bxc4 34. Nxc4 Bf6 35. Na5 c5 36. Nc4 h5 37. h4 Qg4 38. Nd6 Be7 39. Nc8 Bf6 40. Qd3 a5 41. Nd6 Be7 42. Nc4 Bf6 43. Nxa5 Bxh4 44. gxh4 Qxh4+ 45. Kg2 Qg4+ 46. Kf2 Qf4+ 47. Ke2 Qh2+ 48. Ke1 h4 49. a4 h3 50. Qd8+ Kh7 51. Qh4+ Kg8 52. Qg4 Qh1+ 53. Kf2 h2 54. Qg2 Qd1 55. Qxh2 Qd2+ 56. Kg1 Qxa5 57. Qxe5 Qe1+ 58. Kg2 Qe2+ 59. Kg3 Qe3+ 60. Kh4 Qe1+ 61. Kg4 1/2-1/2

[Event "Copenhagen-ch"]
[Site "Copenhagen"]
[Date "2004.10.09"]
[Round "1"]
[White "Madsen, Poul Henrik"]
[Black "Sandbech, Ted Henrik"]
[Result "1-0"]
[WhiteElo "2098"]
[BlackElo "1815"]
[PlyCount "123"]
[EventDate "2004.10.09"]
[EventType "swiss"]
[EventRounds "9"]
[EventCountry "DEN"]
[SourceTitle "EXT 2018"]
[Source "ChessBase"]
[SourceDate "2017.10.13"]
[SourceVersion "1"]
[SourceVersionDate "2017.10.13"]
[SourceQuality "1"]

1. d4 d5 2. Nf3 c5 3. e3 Nc6 4. c3 cxd4 5. exd4 Nf6 6. Bg5 e6 7. Bd3 Be7 8. Nbd2 0-0 9. 0-0 Ng4 10. Bf4 Nf6 11. Ne5 g6 12. Bh6 Re8 13. Ndf3 Nxe5 14. Nxe5 Nd7 15. f4 Bf8 16. Bg5 Be7 17. Qg4 f5 18. Qh4 Nxe5 19. Bxe7 Qxe7 20. Qxe7 Rxe7 21. fxe5 Bd7 22. Kf2 b5 23. h4 h5 24. Ke3 a5 25. b3 Rc8 26. Rfc1 Be8 27. c4 Rec7 28. c5 Bc6 29. Kf4 Kg7 30. Kg5 Ra8 31. Rcb1 Rf7 32. Kf4 Rc8 33. Ke3 Kh6 34. Kd2 Rcf8 35. Bc2 Rd8 36. Kc3 Rdf8 37. Rf1 b4+ 38. Kd2 f4 39. Rf3 Bb5 40. a3 Rb7 41. axb4 axb4 42. Bd3 g5 43. Bxb5 g4 44. Rff1 Rxb5 45. Ra6 Kg7 46. Rxe6 Ra5 47. Rf6 Ra2+ 48. Kd3 Rxg2 49. R1xf4 Rxf6 50. exf6+ Kf7 51. Rf5 Rg3+ 52. Kc2 Rg2+ 53. Kd1 g3 54. c6 Rg1+ 55. Kd2 g2 56. Rg5 Ra1 57. c7 Ra8 58. Rxg2 Kxf6 59. Kd3 Rc8 60. Rc2 Ke6 61. Ke3 Kd7 62. Kf4 1-0

[Event "North Sea Cup 19th"]
[Site "Esbjerg"]
[Date "2004.07.06"]
[Round "5"]
[White "Christensen, Svend Ellegaard"]
[Black "Sandbech, Ted Henrik"]
[Result "1/2-1/2"]
[WhiteElo "2182"]
[BlackElo "1839"]
[PlyCount "131"]
[EventDate "2004.07.03"]
[EventType "swiss"]
[EventRounds "9"]
[EventCountry "DEN"]
[SourceTitle "CBM 101 Extra"]
[Source "ChessBase"]
[SourceDate "2004.09.01"]
[SourceVersion "2"]
[SourceVersionDate "2004.09.01"]
[SourceQuality "1"]

1. d4 d5 2. c4 c6 3. e3 Nf6 4. Nf3 Bg4 5. c5 Nbd7 6. Be2 e6 7. h3 Bh5 8. Nc3 Be7 9. b4 b6 10. Bb2 0-0 11. 0-0 a5 12. a3 Rb8 13. Rb1 Bg6 14. Bd3 Ne4 15. Ne1 axb4 16. axb4 bxc5 17. bxc5 Rxb2 18. Bxe4 Rxb1 19. Bxb1 Bxb1 20. Qxb1 Qc7 21. f4 Rb8 22. Qc2 f5 23. Nf3 h6 24. Rb1 Ra8 25. g3 Bd8 26. Rb2 Qc8 27. Qb1 Ba5 28. Na4 Kh7 29. Ne5 Nxe5 30. fxe5 Qe8 31. g4 Qg6 32. Kh2 Rf8 33. Rf2 Bd8 34. gxf5 exf5 35. Nc3 Qg5 36. Qd3 Kh8 37. Rg2 Qh4 38. Ne2 Bg5 39. Ng1 Qe4 40. Qxe4 fxe4 41. Re2 Kg8 42. Kg2 Rf7 43. Rf2 Bxe3 44. Rxf7 Kxf7 45. Ne2 Ke6 46. Kg3 g5 47. Kg4 Bd2 48. Ng3 e3 49. Ne2 Be1 50. Kh5 Bh4 51. Kxh6 Kf5 52. Kh5 Be1 53. Kh6 g4 54. hxg4+ Kxg4 55. e6 Bh4 56. Kg6 Kf3 57. Nc3 e2 58. Nxe2 Kxe2 59. Kf7 Kd3 60. e7 Bxe7 61. Kxe7 Kxd4 62. Kd6 Ke4 63. Kxc6 d4 64. Kb7 d3 65. c6 d2 66. c7 1/2-1/2